| 000 | 01695cam a22004574i 4500 | ||
|---|---|---|---|
| 003 | PE-LiUPU | ||
| 005 | 20250731172944.0 | ||
| 008 | 150623s r 000 0 d | ||
| 020 | _a0800629507 | ||
| 035 | _a(Sirsi) i9780800629502 | ||
| 040 |
_aPE-LiUPU _bspa _cPE-LiUPU _erda |
||
| 049 | _aPRUA | ||
| 082 | 0 | 4 |
_a296.3872 _bW753r _223 |
| 100 | 1 | 0 |
_aWilson, Stephen G., _eautor. |
| 245 | 1 | 0 |
_aRelated strangers : _bJews and Christians 70-170 C.E. / _cStephen G. Wilson. |
| 264 | 1 |
_aMinneapolis : _bFortress Press, _c1995. |
|
| 300 |
_a416 páginas ; _c23 centímetros. |
||
| 336 |
_atext _2rdacontent |
||
| 337 |
_aunmediated _2rdamedia |
||
| 338 |
_avolume _2rdacarrier |
||
| 504 | _aIncluye bibliografía. | ||
| 505 | 0 | _aThe political and social context. -Jews and Judaism in the canonical narratives. -Apocrypha. -Supersession: Hebrews and Barnabas. -Jewish Christians and Gentile Judaizers. -Jewish reactions to Christianity. -Gnostics and marcionites. -Patterns of Christians worship. -Dialogue and dispute: Justin. -An overview. | |
| 526 | _aSEG42 | ||
| 526 | _aSEG41 | ||
| 526 | _aSEG40 | ||
| 526 | _aSEG39 | ||
| 526 | _aP94 | ||
| 526 | _aP87 | ||
| 526 | _aP86 | ||
| 526 | _aP85 | ||
| 526 | _aP77 | ||
| 526 | _aP76 | ||
| 526 | _aP35 | ||
| 630 |
_aBiblia. _pN.T. _xCrítica, interpretación, etc. |
||
| 650 | 0 | 4 |
_aJudaísmo _xHistoria _yPeríodo talmúdico, 10-425. |
| 650 | 0 | 4 |
_aJudaísmo _xRelaciones _xCristianismo. |
| 942 |
_2ddc _cBK _n0 |
||
| 949 |
_a296.3872 W753r _wDEWEY _c1 _i44712 _lCCODEBUL1 _mBUL _r0 _sY _tBOOK _u2015-6-24 _xTEOLOGIA _0COMPRA _o.STAFF. Colección General |
||
| 980 |
_81 _gALBERTO SANCHEZ Responsable de Automatización |
||
| 999 |
_c21576 _d21576 |
||